How many bodyparts can you name. - Statistics

General Stats
  • This quiz has been taken 79 times
  • The average score is 7 of 15
Answer Stats
Hint Answer % Correct
face eye
78%
foot toe
74%
face nose
70%
head ear
67%
hand finger
67%
leg knee
62%
mouth teeth
59%
Head Head
41%
middle part stomac
39%
leg leg
33%
head brain
25%
leg feet
20%
middlepart hip
13%
mouth tung
7%
feet ankles
3%
No matching quizzes found
Score Distribution
Percent of People with Each Score
Percentile by Number Answered
Your Score History
You have not taken this quiz